| 000 | 00000nam 2200000zi 4500 |
| 001 | 9.928520 |
| 003 | CaOODSP |
| 005 | 20250110151413 |
| 006 | m o d f |
| 007 | cr |n||||||||| |
| 008 | 230919e200604##qucdb ob f|0| 0 fre d |
| 040 | |aCaOODSP|bfre|erda|cCaOODSP |
| 043 | |an-cn-qu |
| 086 | 1 |aCW66-1367/2006F-PDF |
| 100 | 1 |aMaheu-Giroux, Mathieu, |eauteur. |
| 245 | 10|aDynamique des paysages de quatre Réserves nationales de faune du Québec : |bsuivi des habitats et des pressions périphériques : rapport final / |cMathieu Maheu-Giroux, Sylvie de Blois, Benoît Jobin. |
| 264 | 1|a[Sainte-Foy, Québec] : |bEnvironnement Canada, Service canadien de la faune = Environment Canada, Canadian Wildlife Service, |cavril 2006. |
| 300 | |a1 ressource en ligne (viii, 69 pages) : |bcartes, graphiques |
| 336 | |atexte|btxt|2rdacontent/fre |
| 337 | |ainformatique|bc|2rdamedia/fre |
| 338 | |aressource en ligne|bcr|2rdacarrier/fre |
| 500 | |aÉdition numérisée de l’imprimé [par Environnement et changement climatique Canada]. |
| 504 | |aComprend des références bibliographiques (pages 63-67). |
| 520 | |a« Au Québec, huit Réserves Nationales de Faune (RNF) ont été établies depuis 1969 et quatre d’entre elles sont situées dans un contexte où les pressions périphériques pourraient compromettre le maintien de leur intégrité écologique (Lac Saint-François, Cap Tourmente, Baie de l’Isle-Verte, Pointeau-Père). L’objectif principal de cette étude a donc été de quantifier les changements dans les couvertures/utilisations du sol (C/US) survenus à l’intérieur et à l’extérieur de ces quatre RNF depuis leur acquisition, en portant une attention particulière aux pressions périphériques »--Résumé, page ii. |
| 650 | 6|aHabitat (Écologie)|xConservation|zQuébec (Province) |
| 650 | 6|aRefuges fauniques|zQuébec (Province)|xGestion. |
| 650 | 0|aHabitat conservation|zQuébec (Province) |
| 650 | 0|aWildlife refuges|zQuébec (Province)|xManagement. |
| 710 | 1 |aCanada. |bEnvironnement Canada, |eorganisme de publication. |
| 710 | 2 |aService canadien de la faune, |eorganisme de publication. |
| 856 | 40|qPDF|s3.04 Mo|uhttps://publications.gc.ca/collections/collection_2025/eccc/cw66/CW66-1367-2006-fra.pdf |